1838 1474 1888 1169 1683 1298 1644 1553 1597 1200 1968 1760 1128 1761 1103 1440 1755 1613 1746 1127 1865 1638 1032 1697 1003 1823 1285 1631 1023 1669 1630 1068 1023 1025 1464 1197 1578 1838 1026 1240 1432 1000 1644 1130 1023 1795 1908 1037 1544 1699 1215 1336 1732 1403 1709 1789 1706 1858 1420 1017 1786 1096 1675 1623 1196 1226 1218 1205 1738 1709 1252 1587 1286 1308 1431 1150 1137 1911 1381 1031 1856 1991 1821 1023 1806 1004 1230 1016 1035 1223 1651 1684 1621 1601 1127 1581 1890 1057 1767 BCNSPRNW ULIB Ver.6.0+V

เปลี่ยนเป็นภาษาไทย

Change to English
 แสดงรายละเอียดบรรณานุกรม
  กลับหน้าหลัก

Brief Record : Get Marc (ISO 2709) : E-mail record : QR code < ปิดหน้าต่าง
LEADER : 00000nam 2200000uu 4500
001    13399110868
003     ULIB
008    110610s2553||||th 000 0 tha d
020    9786169017318(ล.2)
060  4 WY18.2^bค127ค ล.2
100 0  ประกาย จิโรจน์กุล
245 00 คู่มือการสอบใบอนุญาตประกอบวิชาชีพการพยาบาล เล่ม 2 ทบทวนสาระและตัวอย่างข้อสอบ =^bNCLEX-RN Review 5th edition 2005/^cบรรณาธิการ ประกาย จิโรจน์กุล และคณะ,ผู้แปล คณะอาจารย์วิทยาลัยพยาบาลบรมราชชนนี กรุงเทพฯ
246 0  NCLEX-RN Review 5th edition 2005
250    พิมพ์ครั้งที่ 1
260    กรุงเทพฯ:^bเซ็นเกจ เลินนิ่ง(ประเทศไทย) จำกัด,^c2553
300    689 หน้า
650  7 การพยาบาล^xตัวอย่างข้อสอบ
650  7 การสอบใบอนุญาตประกอบวิชาชีพการพยาบาล
700 0  คณะอาจารย์วิทยาลัยพยาบาลบรมราชชนนี กรุงเทพฯ,^eผู้แปล
700 0  ประกาย จิโรจน์กุล และคณะ,^eบรรณาธิการ
710 2  กระทรวงสาธารณสุข ^bสถาบันพระบรมราชนก^bวิทยาลัยพยาบาลบรมราชชนนี
945    ^p625^l0^i17911
945    ^p625^l0^i17008
945    ^p625^l0^i17004
945    ^p625^l0^i17912
945    ^p625^l0^i20983
945    ^p625^l0^i20984
995    ทศพร
999    ^aใช้งานได้ทุกระบบ
รายการนี้ยังไม่มีแท็ก
คุณยังไม่ได้ล็อกอิน คุณสามารถมีกิจกรรมร่วมกับเว็บไซต์ได้ แต่ต้องล็อกอินก่อน ::
  ล็อกอิน

รายการสื่อสารสนเทศ

ลำดับที่ ประเภท เลขเรียก/บาร์โค้ด สถานที่ สถานะ
1. Book การพยาบาล
หนังสือสำรอง
สถานะ=หนังสือสำรอง
WY18.2 ค127ค ล.2 ฉ.1 
  Barcode: 17004
ห้องสมุดวิทยาเขตนครสวรรค์
►ส่วนจัดเก็บหนังสือเก่า นว.
บนชั้น
  ขอยืม
2. Book การพยาบาล
Book การพยาบาล
WY18.2 ค127ค ล.2 ฉ.2 
  Barcode: 17008
ห้องสมุดวิทยาเขตนครสวรรค์
►ส่วนจัดเก็บหนังสือเก่า นว.
บนชั้น
  ขอยืม
3. Book การพยาบาล
Book การพยาบาล
WY18.2 ค127ค ล.2 ฉ.3 
  Barcode: 17911
ห้องสมุดวิทยาเขตนครสวรรค์
►ส่วนจัดเก็บหนังสือเก่า นว.
บนชั้น
  ขอยืม
4. Book การพยาบาล
Book การพยาบาล
WY18.2 ค127ค ล.2 ฉ.4 
  Barcode: 17912
ห้องสมุดวิทยาเขตนครสวรรค์
►ส่วนจัดเก็บหนังสือเก่า นว.
บนชั้น
  ขอยืม
5. Book การพยาบาล
Book การพยาบาล
WY18.2 ค127ค ล.2 ฉ.5 
  Barcode: 20983
ห้องสมุดวิทยาเขตนครสวรรค์
►ส่วนจัดเก็บหนังสือเก่า นว.
บนชั้น
  ขอยืม
6. Book การพยาบาล
Book การพยาบาล
WY18.2 ค127ค ล.2 ฉ.6 
  Barcode: 20984
ห้องสมุดวิทยาเขตนครสวรรค์
►ส่วนจัดเก็บหนังสือเก่า นว.
บนชั้น
  ขอยืม

รายการใกล้เคียง
    ผู้แต่ง [ประกาย จิโรจน์กุล]

    หัวเรื่อง [การสอบใบอนุญาตประกอบวิชาชีพการพยาบาล]

BibComment


ยังไม่เคยถูกคอมเมนท์

คอมเมนท์ทรัพยากรรายการนี้
  คอมเมนท์: คู่มือการสอบใบอนุ..


 Copyright 2026. Bcnsprnw @Library